[Event "Ubeda op 5th"]
[Site "Ubeda"]
[Date "2000.01.21"]
[Round "3"]
[White "Korneev, Oleg"]
[Black "Halkias, Stelios"]
[Result "0-1"]
[WhiteElo "2615"]
[BlackElo "2482"]
[Annotator "Ribli,Z"]
[PlyCount "102"]
[EventDate "2000.01.19"]
[EventType "swiss"]
[EventRounds "10"]
[EventCountry "ESP"]
[SourceTitle "CBM 075"]
[Source "ChessBase"]
[SourceDate "2000.04.05"]
[SourceVersion "1"]
[SourceVersionDate "2000.04.05"]
[SourceQuality "1"]

1. e4 c5 2. Nf3 Nc6 3. d4 cxd4 4. Nxd4 Qc7 {Heutzutage ist diese Zugfolge (2...
Nc6, 4...Qc7) populärer als die Alternative 2...e6, 3...Nc6, in der Qc7 nur
nach 5.Nc3 gespielt wird. Nach 4...Qc7 ist die Fortsetzung 5.Nb5 ist weniger
stark als im Falle von 2...e6.} 5. Nc3 e6 6. Be3 a6 7. Be2 Nf6 8. O-O Bb4 9.
Na4 Be7 {Diese Fortsetzung ist gegenwärtig in Mode - die Alternativen sind - 9.
..0-0, 9...b5, 9...Bd6.} 10. Nxc6 bxc6 11. Nb6 Rb8 12. Nxc8 Qxc8 13. Bd4 {
Das ist eine relativ neue Fortsetzung - die traditionelle Möglichkeit ist 13.
e5 Nd5 14.Bc1.} c5 {Meiner Meinung nach bietet dieser Zug Schwarz die besten
Chancen.} (13... Nxe4 14. Bxg7 Rg8 15. Be5 d6 16. Qd3 f5 17. Bh5+ Kd7 18. Rad1
{1-0 Emms,J-Fressinet,L/Hastings Premier 1999/CBM 69/[Ribli] (66)}) (13... Qc7
14. e5 Nd5 15. b3 c5 16. Bb2 Rb6 17. Bc4 Nb4 18. Qe2 a5 19. Rad1 O-O 20. Rd2
Nc6 21. Rfd1 Rd8 22. Bc3 g6 23. Bb5 Nd4 24. Bxd4 cxd4 25. Rxd4 d6 26. a4 Rbb8
27. exd6 Rxd6 28. Rxd6 Bxd6 29. g3 Rd8 30. Qc4 Qe7 31. c3 Bc7 32. Rxd8+ Qxd8
33. b4 Bb6 34. Qd3 Qf6 {1/2-1/2 Onischuk,A-Epishin,V/Germany 1999/GER-chT (48)}
) 14. Be5 (14. Bc3 $6 Nxe4 15. Bxg7 Rg8 $13) 14... Rb6 15. Qd3 (15. b3 Nxe4 16.
Bxg7 Rg8 17. Bb2 (17. Be5 Bf6 (17... Bd6 18. f4 c4 19. Kh1 Bxe5 20. fxe5 Qc5
21. Qe1 Qxe5 22. Bxc4 Rd6 23. Bd3 f5 24. Qh4 Rg4 25. Qh5+ Kd8 26. Be2 Nf6 27.
Qh6 Rg6 {1/2-1/2 Marjanovic,S-Miladinovic,I/Chania 1999/EXT 2000 (34)}) 18. f4
Nc3 19. Qd3 Nxe2+ 20. Qxe2 Be7 21. c4 Qa8 22. Rf3 d6 23. Bc3 d5 24. cxd5 Qxd5 {
1/2-1/2 Zatonskih,A-Cosma,E/Batumi 1999/CBM 73 ext (50)}) 17... Rd6 $1 18. Bd3
c4 $1 19. bxc4 Qc6 20. Qf3 $8 Nd2 $11 {1/2-1/2 Lutz,C-Miladinovic,I/Corfu 1999/
CBM 74/[Ribli] (31)}) (15. Bf3 O-O 16. Bc3 d6 17. a4 Nd7 18. a5 Rb8 19. Qd2 Rd8
20. Rfd1 Bf6 21. Bxf6 Nxf6 22. e5 Ne8 23. exd6 Nxd6 24. Qc3 Nb5 25. Rxd8+ Qxd8
26. Qxc5 Nd4 {0-1 Dashko,A-Tregubov,P/Krasnodar 1998/EXT 2000 (48)}) 15... O-O
(15... d6 $5 {Ich halte diesen Zug für logischer als die Partiefortsetzung,
denn das spätere d6 erlaubt es Weiß, den Läufer nach b2 zu ziehen.}) 16. b3 (
16. c4 d6 17. Bc3 Nd7 18. f4 (18. Rab1 Bf6 19. Ba5 Rxb2 20. Rxb2 Bxb2 21. Qxd6
Be5 22. Qd3 Bd4 23. Rb1 Qc6 24. Qc2 g6 25. Bd3 Qd6 26. Kh1 Rb8 27. Rxb8+ Qxb8 {
0-1 Bremond,E-Andrijevic,M/Cannes op 1989 (39)}) 18... Bf6 19. Bxf6 Nxf6 20. b3
a5 21. Rae1 e5 22. f5 {1-0 Koch,J-Fressinet,L/FRA 1999/EXT 2000 (35)}) 16... d6
17. Bb2 Nd7 {Das ist ein logischer Plan für Schwarz - anschließend möchte er
den schwarzfeldrigen Läufer tauschen.} 18. Rad1 (18. f4 Bf6 19. Bxf6 Nxf6 $11)
18... Bf6 19. Bc1 {Weiß möchte das Läuferpaar auf dem Brett halten.} a5 {
Schwarz mobilisiert seinen a-Bauern. Das ist logisch - denn der Bauer stand
schlecht auf a6, und jetzt kann Schwarz ihn mit a5-a4 abtauschen.} 20. f4 (20.
a4 c4 $5 21. Qxc4 Rc6 $132) 20... Rd8 21. Qh3 Nf8 $11 {Weiß besitzt das
Läuferpaar, aber der schwarze Bf6 ist aktiv und es gibt keine Schwächen in der
schwarzen Stellung. Das weiße Läuferpaar steht nicht besonders aktiv in dieser
eher geschlossenen Stellung.} 22. Bd2 Qa8 {[%mdl 4] Die Dame steht aktiv auf
a8, sie greift den Pe4 an und bereitet den Zug a5-a4 vor.} 23. Bd3 {Der Läufer
steht gut auf d3, aber dank des Nf8 ist alles in der schwarzen Stellung
verteidigt .} a4 24. Rde1 axb3 {Das ist die Verbesserung für Schwarz. Die
Alternative 24...g6?! gefällt mir gar nicht - Schwarz schwächt so nur seinen
Königsflügel.} (24... g6 $6 25. f5 exf5 26. exf5 Re8 27. fxg6 Bd4+ 28. Kh1 hxg6
29. Bc4 {[%csl Gc4]} d5 30. Bxd5 Qxd5 (30... Rxe1 31. Bxf7+ $18) 31. Rxe8 Bg7
32. Bc3 {1-0 Shirov,A-Atakisi,U/Batumi 1999/CBM 74 (32)}) 25. axb3 Ng6 26. g3 (
26. f5 exf5 27. Qxf5 Ne5 $11 (27... Bd4+ 28. Kh1 Ne5 29. Bc4 $14)) 26... Rbb8
27. Qg2 (27. Be3) 27... Bd4+ 28. Kh1 d5 29. exd5 (29. c3 $6 Rxb3 30. exd5 Bf6
$15) 29... exd5 30. h4 {Dieser Zug allein ist noch nicht schlecht, aber es ist
der erste Zug in einem schlechten Plan.} (30. f5 Ne5 $11) 30... Nf8 31. g4 {
Weiß hat nur scheinbar aktive Möglichkeiten am Königsflügel, aber in
Wirklichkeit kann er dort keine konkreten Drohungen aufbauen.} Qa7 32. g5 (32.
Re2) 32... Qc7 33. f5 Be5 {Der schwarze Läufer steht gut auf e5 und droht 34...
Bg3.} 34. Rxe5 $2 (34. Ba5 Qxa5 35. Rxe5 Qb4 36. Qg3 c4 $36) 34... Qxe5 35. Bf4
Qd4 36. Bxb8 Rxb8 $15 {Weiß hat keinen Angriff - nur eine schwache
Königsstellung.} 37. Qf2 Rb4 {[%csl Rh4][%cal Rb4h4]} 38. Qxd4 Rxd4 39. Kg2 (
39. Re1 Rxh4+ 40. Kg2 Rg4+ 41. Kf3 Rxg5 42. Re5 $15) 39... Rxh4 40. Kg3 Rd4 {
Schwarz hat einen Bauern mehr, aber die Verwertung des Materialvorteils ist
schwer - Weiß besitzt eine aktive Stellung.} 41. Ra1 $44 (41. Re1 $44) 41... g6
{Schwarz muss so spielen, sonst bleibt seine Königsstellung zu passiv.} 42. f6
(42. fxg6 hxg6 $15) 42... h6 {Das ist die einzige Chance für Schwarz, seine
Königsstellung zu öfnen.} 43. gxh6 Ne6 (43... Nd7 44. Bxg6 fxg6 45. Ra8+ Kh7
46. Ra7 Kxh6 47. Rxd7 g5 $11) 44. Ra7 Rf4 (44... c4 45. Bxg6 fxg6 46. f7+ Kh8
47. Re7 $18) 45. h7+ Kxh7 46. Rxf7+ Kh6 $11 {Die Stellung ist materiell
ausgeglichen, und das Material ist reduziert. Ein Remis ist daher
wahrscheinlich.} 47. Rd7 c4 48. bxc4 dxc4 49. Be2 Rxf6 50. Bxc4 Nc5 {[#]} 51.
Bd5 $4 {[%mdl 8192] Das ist ein unglaublicher Fehler! Ist im Schach alles
möglich?} Nxd7 {Weiß gab auf.} 0-1

[Event "RUS-ch"]
[Site "Elista"]
[Date "1996.??.??"]
[Round "10"]
[White "Shchekachev, Andrei"]
[Black "Beshukov, Sergei"]
[Result "0-1"]
[WhiteElo "2560"]
[BlackElo "2460"]
[Annotator "Ribli,Z"]
[PlyCount "56"]
[EventDate "1996.10.15"]
[EventType "swiss"]
[EventRounds "11"]
[EventCountry "RUS"]
[SourceTitle "CBM 056"]
[Source "ChessBase"]
[SourceDate "1997.02.01"]
[SourceVersion "1"]
[SourceVersionDate "1997.02.01"]
[SourceQuality "1"]

1. e4 c5 2. Ne2 Nc6 3. Nbc3 e6 4. d4 cxd4 5. Nxd4 Qc7 6. f4 a6 7. Be2 b5 (7...
Nxd4 $5 8. Qxd4 b5 {Siehe B47}) 8. Nxc6 Qxc6 9. Bf3 (9. Be3 Ba3 $5) 9... Bb7
10. Be3 Qc4 (10... Bb4 11. Bd4) 11. Qd3 (11. e5 $6 Bxf3 12. Qxf3 Rc8 13. O-O-O
Ne7 14. Rd4 Qc6 15. Qxc6 dxc6 16. Ne4 Nd5 17. Re1 c5 18. Rdd1 c4 $15 {
Anand-Timman,1990 Schacholympiade.}) 11... Rc8 12. O-O-O $2 (12. a3 Nf6 13. Bd4
d5 14. Bxf6 Qxd3 15. cxd3 dxe4 16. Nxe4 {In der Partie Svidler,P-Hracek,Z /
Erevan/1996/CBM53, wurde hier Remis gegeben}) 12... Nf6 {Es ist interessant:
Schwarz hat noch nicht rochiert, aber alle seinen Figuren stehen aktiv. Weiß
sieht sich schon vor großen Problemen. Es droht 14...b4 und danach hängt Pe4.
Ribli.} 13. e5 $2 (13. Bd4 b4 14. Bxf6 bxc3 $4 (14... Qxd3 15. Rxd3 gxf6 16.
Ne2 {Das erscheint mir als die beste Möglichkeit für Weiß.Ribli.}) 15. Qxd7#)
13... Bxf3 14. gxf3 (14. exf6 Bxd1) 14... b4 15. Qxc4 (15. Na4 Nd5 {Fuehrt zur
Partiefortsetzung.Ribli.}) 15... Rxc4 16. Na4 Nd5 $15 {Schwarz dominiert
eindeutig. Es hängen Be3 sowie Pf4. Schwarz hat einen "Joker" auf d5.Ribli.}
17. Rxd5 exd5 18. Rd1 {Weiss hat Kompensation, aber das ist wenig für die
Qualität. Schwarz beendet seine Entwicklung und erreicht eine Gewinnstellung.
Ribli.} Rc6 19. f5 $146 (19. Rxd5 d6 20. Kd2 Be7 21. Kd3 O-O 22. c4 bxc3 23.
Nxc3 dxe5 24. fxe5 {Das wurde schon einmal gespielt! - einfach unglaublich -
und zwar in der Partie Berelovich,A-Poluljahov,A /Krasnodar/1995/EXP47.}) 19...
d6 20. Rxd5 dxe5 21. Rxe5+ Kd7 22. Nb6+ $6 Kc7 23. Nd5+ Kd6 24. Nxb4 (24. Bf4
f6 $19) (24. Bd4 f6 $19) 24... Kxe5 25. Nxc6+ Kxf5 26. c4 (26. Kd2) 26... Bd6
27. h3 Rc8 28. Nd4+ Ke5 {Und Weiß gab auf, weil auf 29.b3 29...Bc5 30.Nc2 Bxe3
31.Nxe3 Kf4 kommt und Schwarz leicht gewinnt.Ribli.} 0-1

[Event "Clichy"]
[Site "Clichy"]
[Date "2001.06.28"]
[Round "4"]
[White "Nataf, Igor Alexandre"]
[Black "Tregubov, Pavel V"]
[Result "1/2-1/2"]
[WhiteElo "2552"]
[BlackElo "2628"]
[Annotator "Ribli,Z"]
[PlyCount "59"]
[EventDate "2001.06.25"]
[EventType "tourn"]
[EventRounds "9"]
[EventCountry "FRA"]
[EventCategory "14"]
[SourceTitle "CBM 085"]
[Source "ChessBase"]
[SourceDate "2001.11.13"]
[SourceVersion "1"]
[SourceVersionDate "2001.11.13"]
[SourceQuality "1"]

1. e4 c5 2. Nf3 e6 3. d4 cxd4 4. Nxd4 Nc6 5. Nc3 Qc7 6. Be2 a6 7. O-O Nf6 8.
Be3 Bb4 {Das ist die prinzipielle Fortsetzung in dieser Zugfolge, aber ich
muss anmerken, dass statt dieses Zuges Schwarz auch mit 8...d6 oder mit 8...
Be7 die Scheveninger Variante spielen kann.} 9. Na4 b5 {Ein wirklich seltener
Gast in der Turnierpraxis. Statt 9...b5 spielt man entweder 9...0-0, 9...Bd6
oder 9...Be7.} 10. Nxc6 dxc6 11. Bc5 a5 $5 {Eine wichtige Verbesserung des
schwarzen Spiels - im Falle von 11...b5 hat Weiß Positionsvorteil.} (11... bxa4
12. Bxb4 c5 13. Ba3 $1 (13. Bc3 Nxe4 14. Bxg7 Rg8 15. Bh6 (15. Bf3 Bb7 16. Bxe4
Bxe4 17. f3 Rxg7 18. fxe4 Qe5 19. Qf3 Qxb2 $5 {Kaminski,M-Gdanski,J/Polska
1994/Inf 60 (25)}) 15... Rg6 16. Qc1 a3 17. Rb1 Bb7 18. f3 axb2 19. Qe3 Rxh6
20. Qxh6 Nc3 {1/2-1/2 Tsarev,V-Tregubov,P/URS-chT Podolsk 1990/TD 90\02 (29)})
13... Bb7 (13... Nxe4 14. Bf3 Bb7 15. Re1 Nd6 (15... f5 16. Bxe4 fxe4 17. Qh5+
g6 18. Qh3 {1-0 Todorovic,G-Djokic,N/Belgrade Minex 1995 (46)}) 16. Re5 Rd8 17.
Rxc5 $16 {Renet,O-Lautier,J/Lyon (zt) 1990/Inf 49 (17)}) (13... O-O 14. f3 Nh5
15. Qd2 Nf4 16. Rfd1 $14 {1-0 Nisipeanu,L-Hendriks,W/Wijk aan Zee 2000/CBM 75/
[Ribli] (37)}) 14. f3 Rd8 15. Qe1 O-O 16. Qc3 Nd7 17. Rad1 f5 18. Bc4 Rde8 19.
exf5 Rxf5 20. Qd3 {1-0 Bashkov,V-Tregubov,P/Czestochowa 1992/TD (37)}) 12. a3 (
12. Bxb4 axb4 13. Nc5 Qe5 14. Nd3 Qd4 15. Bf3 (15. e5 Nd5) 15... e5 16. Qd2 c5
17. Qg5 O-O 18. Qxe5 Qxe5 19. Nxe5 Bb7 20. Nd3 Nxe4 21. Rfe1 Rfe8 22. h3 Kf8
23. Bxe4 Bxe4 24. Nxc5 Bxc2 {1/2-1/2 Gonzalez,O-Barrios,F/Cali COL 2001/(35)})
12... Bxc5 (12... bxa4 $6 13. axb4 Nxe4 (13... axb4 14. Qd4 e5 15. Qxb4 $16)
14. Qd4 Nxc5 (14... Nf6 15. Bb6 $16) 15. Qxg7 Rf8 16. bxc5 $16) 13. Nxc5 $14 {
[%csl Gc5] Die Bauernstellung ist symmetrisch, der c5N steht aktiv, aber
Schwarz kann ihn tauschen. Andererseits hat Weiß Entwicklungsvorteil.} O-O (
13... Nd7 14. Qd4 (14. Nxd7 Bxd7 15. f4 $11) 14... e5 (14... Nxc5 15. Qxc5 $14)
15. Qc3 $14) 14. Qd4 {[%csl Gd4][%mdl 32] Die Dame steht aktiv auf d4 - in
einigen Varianten muss Schwarz mit e4-e5 rechnen.} Rd8 (14... e5 15. Qc3 $14)
15. Qc3 Bd7 (15... Nd7 16. Rfd1 $14) 16. Rad1 (16. Nxd7 $6 Rxd7 $11) (16. e5
Nd5 17. Qd4 Be8 18. Rfd1 $14) 16... Be8 {[%mdl 256] Der weissfarbige Laufer
steht weniger aktiv, aber was wichtig ist - die schwarzen Türme sind verbunden
auf der Grundlinie und nachfolgend kann Schwarz mit Nd7 den starken
c5-Springer tauschen.} 17. Bf3 (17. e5 $5 Nd5 (17... Nd7 18. Nxd7 Rxd7 19. Rxd7
Qxd7 (19... Bxd7 $2 20. Bxb5 $16 {[%cal Gc3c7]}) 20. Rd1 $14 {[%csl Yd6]}) 18.
Qg3 $14) 17... e5 {Schwarz muss so spielen - jetzt steht der f3B weniger gut
und Schwarz muss nicht mehr mit e4-e5 rechnen.} 18. Nd3 Nd7 (18... Rd7 19. Qxe5
(19. Nxe5 Re7 20. Nd3 Nxe4 21. Bxe4 Rxe4 22. Rfe1 Rxe1+ 23. Rxe1 $14 {[%csl
Yc5]}) 19... Qxe5 20. Nxe5 Re7 21. Nd3 Nxe4 22. Rfe1 f5 23. Nc5 Bg6 24. Bxe4
fxe4 25. Rd6 $14 {[%csl Gc5,Gd6]}) 19. Bg4 f6 20. Be6+ (20. f4 exf4 21. Nxf4
Ne5 $132 {[%csl Ge5]}) 20... Bf7 $11 (20... Kh8) 21. Bxf7+ (21. Bxd7 Rxd7 22.
Nc5 Rd6 $11) 21... Kxf7 22. Qb3+ Kf8 23. Qe6 {Die weiße Dame steht scheinbar
aktiv, aber es droht nichts - Schwarz kann das Gleichgewicht halten.} Re8 24.
Qh3 Kg8 25. b4 (25. Rd2 Nb6 {[%cal Gb6c4]} 26. Nc5 Qe7 27. b4 axb4 28. axb4
Red8 $11) 25... Re7 26. Nc5 (26. Rd2 axb4 (26... Nb6 $11) 27. axb4 Nb6 $11)
26... Nxc5 27. bxc5 {Jetzt droht 28.Rd6, aber Schwarz ist am Zug.} Rd8 28. Qb3+
Kf8 29. c4 Red7 (29... bxc4 30. Qxc4 Red7 $11) 30. cxb5 (30. cxb5 Rxd1 (30...
cxb5 31. Rxd7 Qxd7 32. Qc3 Qd2 $11) 31. Rxd1 Rxd1+ 32. Qxd1 cxb5 33. Qd5 b4 34.
axb4 axb4 $11) 1/2-1/2

[Event "Noyabrsk"]
[Site "Noyabrsk"]
[Date "1995.??.??"]
[Round "4"]
[White "Onoprienko, Vladimir"]
[Black "Fominyh, Alexander"]
[Result "1/2-1/2"]
[WhiteElo "2350"]
[BlackElo "2520"]
[Annotator "Ribli,Z"]
[PlyCount "55"]
[EventDate "1995.05.??"]
[EventType "tourn"]
[EventRounds "11"]
[EventCountry "RUS"]
[EventCategory "10"]
[SourceTitle "CBM 048"]
[Source "ChessBase"]
[SourceDate "1995.10.01"]
[SourceVersion "1"]
[SourceVersionDate "1995.10.01"]
[SourceQuality "1"]

1. e4 c5 2. Nf3 Nc6 3. d4 cxd4 4. Nxd4 e6 5. Nc3 Qc7 6. Be3 a6 7. Be2 b5 $5 8.
Nxc6 Qxc6 9. Bf3 (9. f4 Ba3 $1 {Dieser alte Zug gibt fuer den Nachzieheden
gleiches Spiel.}) 9... Bb7 10. O-O Qc7 11. Re1 {Diese Neuerung bringt nicht
viel fuer Weiss.} (11. e5 $5 Rd8 12. Re1 d5 13. Qd4 Rc8 14. Rac1 Ne7 15. Bf4
Ng6 16. Bg3 Bc5 17. Qd3 O-O $10 {Thipsay,P-Illescas Cordoba,M/Manila izt/1990/}
) 11... Bd6 $1 12. g3 Ne7 {Ein typischer Aufbau.} 13. Bg2 O-O 14. Qd3 Be5 15.
Rad1 b4 (15... Rfd8 16. f4 Bxc3 17. Qxc3 Qxc3 18. bxc3 $14) 16. f4 (16. Na4 Bc6
$13) 16... bxc3 17. fxe5 cxb2 18. Qd6 $5 (18. Qxd7 Rac8 $13 {Der bP kann noch
gefaehrlich sein, Schwarz steht mindestens gleich.}) 18... Qxd6 19. exd6 Ng6
20. Rb1 {Weiss gewinnt seinen P zurueck.} f5 $5 {Schwarz spielt auf Remis.} 21.
exf5 Bxg2 22. fxg6 Bd5 23. gxh7+ Kxh7 24. Rxb2 Rac8 25. Bd4 Rc4 26. c3 Ra4 27.
Ree2 Bc4 28. Rf2 1/2-1/2

[Event "St Petersburg-ch 73rd"]
[Site "St Petersburg"]
[Date "2000.04.06"]
[Round "4"]
[White "Yemelin, Vasily"]
[Black "Shaposhnikov, Evgeny"]
[Result "1/2-1/2"]
[WhiteElo "2540"]
[BlackElo "2503"]
[Annotator "Ribli,Z"]
[PlyCount "107"]
[EventDate "2000.04.03"]
[EventType "tourn"]
[EventRounds "11"]
[EventCountry "RUS"]
[EventCategory "11"]
[SourceTitle "CBM 077"]
[Source "ChessBase"]
[SourceDate "2000.07.27"]
[SourceVersion "1"]
[SourceVersionDate "2000.07.27"]
[SourceQuality "1"]

1. e4 c5 2. Nf3 e6 3. d4 cxd4 4. Nxd4 Nc6 5. Nc3 Qc7 6. Be2 a6 7. O-O Nf6 8.
Be3 Bb4 9. Na4 Be7 {In der modernen Turnierpraxis findet diese Fortsetzung den
Vorzug. Früher spielte man auch 9...0-0, aber - weil der Bb4 früher oder
später ohnehin wegziehen muss - ist der Textzug logischer.} 10. Nxc6 bxc6 11.
Nb6 Rb8 12. Nxc8 Qxc8 13. Bd4 {Mit diesem Zug verteidigt Weiß den Pb2. Der Pe4
hängt praktisch nicht wegen anschließendem Bxg7.} c5 (13... O-O 14. e5 Nd5 15.
b3 Nf4 16. Bc4 c5 17. Be3 Ng6 18. f4 Rb6 19. Qe2 d5 20. exd6 Rxd6 21. Qf2 Rfd8
22. Rae1 Qc6 23. Be2 R6d7 24. f5 exf5 25. Qxf5 Kh8 26. Bd3 {1-0 Ivanchuk,
V-Lautier,J/Monaco MNC 2000/The Week in Chess (41)}) (13... Nxe4 14. Bxg7 Rg8
15. Be5 d6 16. Qd3 f5 17. Bh5+ Kd7 18. Rad1 {1-0 Emms,J-Fressinet,L/Hastings
Premier 1999/CBM 69/[Ribli] (66)}) (13... Qc7 14. e5 Nd5 15. b3 c5 16. Bb2 Rb6
17. Bc4 Nb4 18. Qe2 a5 19. Rad1 O-O 20. Rd2 Nc6 21. Rfd1 Rd8 22. Bc3 g6 23. Bb5
Nd4 24. Bxd4 cxd4 25. Rxd4 d6 {1/2-1/2 Onischuk,A-Epishin,V/Germany 1999/
GER-chT (48)}) 14. Be5 (14. Bc3 $6 Nxe4 15. Bxg7 Rg8 16. Bh6 c4 17. Qd4 d5 18.
Bf3 Nd6 19. Bf4 Nf5 20. Qd1 Rxb2 {0-1 Manakova,M-Skripchenko,A/Vrnjacka Banja
1999/EXT 2000 (43)}) 14... Rb6 15. b3 {Die Alternative wäre 15.Qd3, aber dann
muss der Läufer in einigen Varianten statt nach b2 nach c3 ziehen.} O-O $6 {
Dieser ruhige Zug ist nicht die beste Möglichkeit für Schwarz. Anstelle der
Partiefortsetzung hat Schwarz die gute Alternative 15.Nxe4, denn nach Bxg7
werden die strukturellen Schwächen von Schwarz durch taktische Gegenchancen
kompensiert. Oder hatte Weiß für diesen Fall eine Neuerung vorbereitet?} (15...
Nxe4 $1 16. Bxg7 Rg8 17. Bb2 Rd6 $1 18. Bd3 c4 $1 19. bxc4 Qc6 20. Qf3 $8 Nd2
$11 {1/2-1/2 Lutz,C-Miladinovic,I/Corfu 1999/CBM 74/[Ribli] (31)}) 16. Bd3 d6 (
16... d5 17. exd5 exd5 18. Qf3 Qg4 19. Qxg4 Nxg4 20. Rae1 Bd8 21. Bf4 Nf6 22.
Bc1 Rc6 23. Ba3 Ba5 24. Re3 Bd2 25. Re2 Bc3 {1/2-1/2 Brustman,A-Cosma,E/
Ostrava 1999/CBM 70 ext (58)}) (16... Rd8 $6 17. Bc3 $1 Re8 18. Ba5 $14 {
1-0 Onischuk,A-Brodsky,M/Donetsk 1998/CBM 68/[Ribli] (60)}) 17. Bb2 {Weiß hat
das Läuferpaar und etwas Raumvorteil im Zentrum.} d5 {Theoretisch ist es nicht
logisch, dass Schwarz die Stellung öffnet, obwohl der Gegner das Läuferpaar
hat. In dieser konkreten Stellung jedoch bereitet Schwarz mit diesem Zug den
Abtausch der schwarzfeldrigen Läufer vor.} (17... Nd7 18. f4 Bf6 19. Bxf6 Nxf6
20. Qe2 e5 $14 {1/2-1/2 Dolmatov,S-Tunik,G/St. Petersburg 1998/CBM 67 noVC (63)
} (20... Qc6 $5)) 18. exd5 Nxd5 {[%cal Ge7f6,Gf6a1] Der Pc5 ist eine
strukturelle Schwäche in der schwarzen Stellung, aber - das ist wichtiger -
Schwarz kann den schwarzfeldrigen Läufer abtauschen.} (18... exd5 $5 19. Qf3
Qg4 $11) 19. Qh5 $14 {Weiß hat die bessere Bauernstruktur und aktives
Figurenspiel.} h6 (19... g6 20. Qh6 Bf6 21. Bxf6 Nxf6 22. Rad1 $14) 20. Rad1 (
20. Qe5 $5 Bf6 (20... Nf6 21. Rad1 $14) 21. Qe4 g6 22. Bxf6 Nxf6 23. Qe3 $14)
20... Bf6 {Auf diese Weise kann Schwarz den gefährlichen Läufer auf der großen
Diagonale abtauschen.} 21. Bxf6 Nxf6 22. Qe5 Nd7 23. Qe4 Nf6 24. Qe5 Nd7 25.
Qc3 {Weiß ist mit Remis durch Zugwiederholung natürlich nicht zufrieden, denn
er hat die etwas bessere Stellung.} Qc7 26. Rd2 {[%cal Gf1d1]} (26. a3 $5 $14 {
Mit diesem superprophylaktischen Zug konnte Weiß das spätere schwarze
Gegenspiel (nach Rb4) verhindern.}) 26... Nf6 27. Rfd1 Rb4 $5 {[%cal Gb4h4]
Schwarz setzt auf taktisches Gegenspiel und überführt den Turm an den
Königsflügel (28.Bc4 scheitert an 28...Ne4). Diese Idee ist sehr interessant,
aber ich bin mir nicht sicher, ob sie auch ganz korrekt ist.} (27... Nd5 $14)
28. a3 Rg4 {Die positionelle Drohung von Schwarz ist 29...Nd5, mit der Idee,
die gegnreische Dame nach b2 oder a1 zurück zu treiben.} 29. Be2 (29. h3 Nd5
30. Qb2 Rg5 $13 31. Bxa6 $2 Nf4 $40) 29... Rg5 30. Bf3 e5 31. Qd3 {Weiß
verhindert den Zug 31...e4 und greift den Pa6 an.} (31. Rd6 $5 {[%csl Rc5]
[%cal Rd6a6,Rd6c6,Rc6c7,Rc6c5]} e4 32. Be2 $36) 31... Re8 $5 {Schwarz hält
sich nicht mit der Verteidigung des Pa6 auf, sondern strebt Gegenspiel am
Königsflügel an.} (31... a5 32. a4 $14) 32. Qxa6 e4 33. Be2 e3 $44 34. fxe3 Qe5
{[%mdl 1024]} (34... Rxe3 35. Rd8+ Re8 (35... Kh7 36. Bd3+ Ne4 37. Bxe4+ Rxe4
38. Rh8+ Kxh8 39. Qa8+ Kh7 40. Qxe4+ Rg6 41. a4 $18) 36. Rxe8+ Nxe8 $16) 35.
Rd8 $6 (35. Rd3 $5 {Nach diesem Zug ist es nicht leicht für Schwarz, die
Korrrektheit des Opfers nachzuweisen.} Nd5 $2 36. Rxd5 Qxe3+ 37. Kf1 $18 (37.
Kh1 Rxd5 38. Rxd5 Qxe2 39. Qxe2 Rxe2 40. h3 Rxc2 $14)) 35... Qxe3+ 36. Kh1 Rge5
37. Rxe8+ Rxe8 {Es ist wahr, dass Schwarz einen Bauern weniger hat, aber der
weiße Königsflügel ist ein wenig schwach, und Schwarz hat gutes Figurenspiel.}
38. Bf3 (38. Bd3 $2 Ng4 $19) 38... Qf2 {[%cal Re8e1,Re1h1,Rf2c2]} 39. h3 Qxc2
$11 {Schwarz hat endlich das materielle Gleichgewicht wiederhergestellt. Weiß
steht zwar wegen des entfernten a-Bauern theoretisch besser, die schwarze
Aktivität aber kompensiert diesen kleinen Nachteil.} 40. Qc4 Qf2 41. a4 h5 42.
Kh2 (42. a5 $2 Re1+ 43. Rxe1 Qxe1+ $17 {[%cal Re1h1,Re1a5]}) 42... Re3 {
[%csl Ge3,Gf2]} 43. Rf1 Qb2 44. a5 (44. Qxc5 Qxb3 (44... Rxb3 45. Bxh5 $16) 45.
a5 $5 $14) 44... Rxb3 45. Qxc5 Ra3 {[%mdl 2048] Der a-Bauer ist unter
Kontrolle, und Weiß kann wegen 46...Rxf3 nicht 46.Rd1 oder 46.Re1 spielen.} (
45... Rc3 46. Qb6) 46. Bxh5 Qb8+ 47. Kh1 Nxh5 48. Qxh5 Qc7 {Schwarz verteidigt
den Pf7, gleichzeitig hängt der Pa5.} 49. Re1 (49. Qb5 Rxa5 50. Qe8+ Kh7 51.
Qxf7 (51. Rxf7 Ra1+ $19) 51... Qxf7 52. Rxf7 {Weiß hat einen Bauern mehr, aber
gemäß Endspieltheorie ist diese Stellung totremis.}) 49... Qd8 50. Qb5 (50. Re5
$2 Ra1+ 51. Kh2 Qc7 $19 {[%csl Re5,Rh2][%cal Rc7h2]}) 50... Qxa5 51. Qb8+ Kh7
52. Re5 Ra1+ 53. Kh2 Qa7 54. Qxa7 1/2-1/2